|
|
|
|
| LEADER |
01009pam a22002538a 4500 |
| 001 |
00020351 |
| 005 |
20171026081023.0 |
| 008 |
110517s1979 ||||||Viesd |
| 041 |
0 |
# |
|a Vie
|
| 082 |
1 |
4 |
|a 512.007 1
|b NH123M
|
| 100 |
0 |
# |
|a Xôlôdôpnicôp, A.S
|
| 245 |
0 |
0 |
|c A.S Xôlôdônicôp; Nguyễn Mạnh Quý dịch
|a Nhập môn đại số tuyến tính và qui hoạch tuyến tính
|b Tài liệu dùng trong các trường CĐSP
|
| 260 |
# |
# |
|a H.
|b Giáo dục
|c 1979
|
| 300 |
# |
# |
|a 215 tr.
|c 21 cm.
|
| 650 |
# |
4 |
|a Giáo trình
|
| 650 |
# |
4 |
|a Đại số tuyến tính
|
| 653 |
# |
# |
|a Quy hoạch tuyến tính
|
| 700 |
0 |
# |
|a Nguyễn Mạnh Quý
|e dịch
|
| 852 |
# |
# |
|b Kho giáo trình
|j KGT.0004321, KGT.0004322
|
| 852 |
# |
# |
|b Kho mượn
|j KGT.0004322
|
| 852 |
# |
# |
|b Kho đọc
|j KD.0005731
|
| 852 |
# |
# |
|j KGT.0004322
|j KGT.0004321
|j KD.0005731
|
| 910 |
0 |
# |
|a nhnam
|d 17/05/2011
|
| 980 |
# |
# |
|a Trung tâm Học liệu Lê Vũ Hùng, Trường Đại học Đồng Tháp
|